000 00857na a2200265 4500
001 16390
003 MIRAKIL
005 20181213155305.0
008 161004b tu 000 0
035 _a16390
040 _aMilas
_btur
_cTR-AnCHP
041 _atur
082 _aCHP 320.9561
_bÜ77k 1976
090 _aCHP 320.9561 Ü77k 1976
100 _aÜstünel, Besim
_d1927-2015
245 _aKalkınan Türkiye'nin cephe çıkmazı
_bsiyasal bir değerlendirme
_cBesim Üstünel
246 _asiyasal bir değerlendirme
260 _aAnkara
_b[yayl.y.]
_c1976
300 _a147 s.
_btbl.
_c20 sm.
650 _aSosyal demokrasi
_xAnayasa
_zTürkiye
651 _aTürkiye
_xDış politika
_y20. yüzyıl
_zSorunlar
651 _aTürkiye
_xEkonomik sorunlar
_y20. yüzyıl
651 _aTürkiye
_xSiyasal sorunlar
_y20. yüzyıl
942 _2dcc
_cBKS
999 _c10032
_d10032